Statistics for Guess Countries in the Shape of a Mystery Country #1

Click here to take the quiz!

General Stats

  • This quiz has been taken 99 times
  • The average score is 10 of 18

Answers on the Map

Answers color-coded by a green-red scale on the quiz's map according to % correct below.
 

Answer Stats

Country% Correct
China
89%
Russia
85%
Japan
75%
South Korea
70%
North Korea
67%
India
66%
Malaysia
65%
Indonesia
63%
Thailand
62%
Philippines
54%
Singapore
54%
Brunei
51%
Federated States of
Micronesia
41%
Palau
37%
Sri Lanka
35%
Marshall Islands
34%
Maldives
32%
Nauru
30%

Score Distribution

Percentile by Number Answered

Percent of People with Each Score

Your Score History

You have not taken this quiz